000 00949cam a2200325 i 4500
001 200468189
003 TR-AnTOB
005 20260417165022.0
007 ta
008 730102s1975 nyua 000 0 eng d
010 _a 65019050
035 _a3586769
040 _aDLC
_beng
_erda
_cDLC
_dDLC
_dTR-AnTOB
041 0 _aeng
043 _an-us---
050 0 0 _aE169.1
_b.W685 1975
090 _aE169.1
_b.W685 1975
100 _aWolfe, Tom
_eauthor
_9114257
245 1 4 _aThe kandy-kolored tangerine-flake streamline baby /
_cTom Wolfe.
260 _a[,
_bFarrar, Straus and Giroux,
_c1965]
264 1 _aNew York:
_bPocked Books,
_c1975.
300 _axvii, 299 pages :
_billustrations ;
_c22 cm.
336 _atext
_btxt
_2rdacontent
337 _aunmediated
_bn
_2rdamedia
338 _avolume
_bnc
_2rdacarrier
650 0 _aPopular culture
_zUnited States
_941200
942 _2lcc
_cBK
999 _c200468189
_d86401